[Event "POL-ch U20"]
[Site "Pokrzywna"]
[Date "2020.12.03"]
[Round "6"]
[White "Budzisz, Adrian"]
[Black "Wasik, Mateusz"]
[Result "1-0"]
[WhiteElo "1955"]
[BlackElo "1765"]
[PlyCount "75"]
[EventDate "2020.11.30"]
[EventType "swiss"]
[EventRounds "9"]
[EventCountry "POL"]
[SourceTitle "CBM 199 Extra"]
[Source "ChessBase"]
[SourceDate "2021.01.31"]
[SourceVersion "1"]
[SourceVersionDate "2021.01.31"]
[SourceQuality "1"]

1. d4 d5 2. c4 e6 3. g3 Nf6 4. Bg2 Be7 5. Nf3 0-0 6. 0-0 dxc4 7. Qc2 b5 8. a4 b4 9. Nbd2 Bb7 10. Nxc4 Be4 11. Qb3 Nc6 12. Rd1 Qd5 13. Be3 Ng4 14. h3 Nf6 15. Ncd2 Na5 16. Qxd5 Bxd5 17. Rdc1 Rac8 18. Bg5 h6 19. Bxf6 Bxf6 20. e4 Bb7 21. Rc5 Nc6 22. Nb3 Rfd8 23. Rc4 Nxd4 24. Nfxd4 Ba6 25. Nb5 c6 26. e5 Bxe5 27. Rxc6 Bxb2 28. Rb1 Bxb5 29. axb5 Bc3 30. Nc5 Rb8 31. Bf1 Rd2 32. Ne4 Rb2 33. Rxb2 Bxb2 34. Bc4 Bd4 35. Nd6 a5 36. bxa6 b3 37. Rc8+ Rxc8 38. Nxc8 1-0

[Event "POL-ch U20"]
[Site "Pokrzywna"]
[Date "2020.11.30"]
[Round "2"]
[White "Panek, Bartosz"]
[Black "Wasik, Mateusz"]
[Result "1-0"]
[WhiteElo "1981"]
[BlackElo "1765"]
[PlyCount "67"]
[EventDate "2020.11.30"]
[EventType "swiss"]
[EventRounds "9"]
[EventCountry "POL"]
[SourceTitle "CBM 199 Extra"]
[Source "ChessBase"]
[SourceDate "2021.01.31"]
[SourceVersion "1"]
[SourceVersionDate "2021.01.31"]
[SourceQuality "1"]

1. e4 c5 2. c3 d5 3. exd5 Qxd5 4. d4 Nf6 5. Nf3 e6 6. Be2 Nc6 7. 0-0 cxd4 8. cxd4 Be7 9. Nc3 Qd6 10. a3 0-0 11. b4 b6 12. Be3 Bb7 13. Qb3 Rfd8 14. Rfd1 Bf8 15. Rac1 Rac8 16. g3 Qb8 17. Bf4 Qa8 18. Nb5 Nd5 19. Bg5 Be7 20. Bxe7 Ndxe7 21. Ne5 a6 22. Nxf7 Kxf7 23. Bg4 Kg8 24. Bxe6+ Kh8 25. Bxc8 Qxc8 26. d5 axb5 27. dxc6 Bxc6 28. Qf7 Rxd1+ 29. Rxd1 Ng6 30. f4 Nh4 31. Qe7 Nf3+ 32. Kf2 Bd5 33. Rxd5 Qc2+ 34. Qe2 1-0

[Event "POL-ch U20"]
[Site "Pokrzywna"]
[Date "2020.11.30"]
[Round "1"]
[White "Wasik, Mateusz"]
[Black "Chyzy, Jakub"]
[Result "0-1"]
[WhiteElo "1765"]
[BlackElo "2250"]
[PlyCount "112"]
[EventDate "2020.11.30"]
[EventType "swiss"]
[EventRounds "9"]
[EventCountry "POL"]
[SourceTitle "CBM 199 Extra"]
[Source "ChessBase"]
[SourceDate "2021.01.31"]
[SourceVersion "1"]
[SourceVersionDate "2021.01.31"]
[SourceQuality "1"]

1. e4 e5 2. Nf3 Nc6 3. Bc4 Nf6 4. d3 Be7 5. 0-0 0-0 6. Re1 d6 7. a4 Kh8 8. a5 a6 9. Bd2 Ng8 10. Nc3 f5 11. Nd5 f4 12. d4 Bg4 13. dxe5 dxe5 14. b4 Nd4 15. Bc3 Nxf3+ 16. gxf3 Bh3 17. Bf1 Bxf1 18. Rxf1 Bd6 19. Kh1 Qh4 20. Qe2 c6 21. Nb6 Rf6 22. Rg1 Rh6 23. Rg2 Re8 24. Rag1 Ree6 25. Nc4 Rh5 26. Nxd6 Rxd6 27. Bxe5 Rxe5 28. Rxg7 Rg6 29. R7xg6 hxg6 30. Rxg6 Rg5 31. Rxg5 Qxg5 32. Qd3 Qf6 33. Kg2 Nh6 34. Qd7 Qf7 35. Qd6 Kg7 36. Qe5+ Kg6 37. Kh3 Ng8 38. Kg4 Nh6+ 39. Kh3 Qd7+ 40. Kh4 Qd8+ 41. Kh3 Qf6 42. Qe8+ Nf7 43. Qg8+ Kh6 44. Qf8+ Kh7 45. Qc8 Qh6+ 46. Kg2 Qg5+ 47. Kh3 Qh5+ 48. Kg2 Ne5 49. Qh3 Kh6 50. Qe6+ Qg6+ 51. Qxg6+ Kxg6 52. Kh3 Kg5 53. Kg2 Kh5 54. h3 Kh4 55. Kf1 Kxh3 56. Ke2 Kg2 0-1

[Event "Krakow op-B 29th"]
[Site "Krakow"]
[Date "2019.01.02"]
[Round "7"]
[White "Wasik, Mateusz"]
[Black "Manko, Mariya"]
[Result "1-0"]
[WhiteElo "1693"]
[BlackElo "1814"]
[PlyCount "93"]
[EventDate "2018.12.27"]
[EventType "swiss"]
[EventRounds "9"]
[EventCountry "POL"]
[SourceTitle "CBM 189 Extra"]
[Source "ChessBase"]
[SourceDate "2019.06.03"]
[SourceVersion "1"]
[SourceVersionDate "2019.06.03"]
[SourceQuality "1"]

1. e4 c5 2. Nf3 d6 3. d4 cxd4 4. Nxd4 Nf6 5. Nc3 g6 6. Be3 Bg7 7. f3 0-0 8. Bc4 Nc6 9. Bb3 Nxd4 10. Bxd4 Be6 11. 0-0 Qa5 12. Kh1 b5 13. Ne2 b4 14. c3 Qb5 15. Bxe6 fxe6 16. cxb4 Qxb4 17. Qb3 Qxb3 18. axb3 a6 19. Rfc1 Rfc8 20. Rxc8+ Rxc8 21. Bc3 Ra8 22. Nf4 Kf7 23. b4 g5 24. Nd3 Ne8 25. Bxg7 Kxg7 26. b5 Nc7 27. b6 Nb5 28. Nb4 Nd4 29. Nxa6 Nc6 30. Ra3 Kf7 31. Kg1 e5 32. b4 Nxb4 33. Nxb4 Rxa3 34. b7 Ra1+ 35. Kf2 Rb1 36. b8Q h5 37. Qb5 Rb2+ 38. Kg3 h4+ 39. Kh3 Kg6 40. Qe8+ Kh6 41. Qf8+ Kg6 42. Nd5 Kh5 43. Qh8+ Kg6 44. Nxe7+ Kf7 45. Qh7+ Ke6 46. Nd5 g4+ 47. Kxh4 1-0

[Event "Krakow op-B 29th"]
[Site "Krakow"]
[Date "2018.12.29"]
[Round "3"]
[White "Wasik, Mateusz"]
[Black "Kaminski, Maciej"]
[Result "0-1"]
[WhiteElo "1693"]
[BlackElo "1862"]
[PlyCount "116"]
[EventDate "2018.12.27"]
[EventType "swiss"]
[EventRounds "9"]
[EventCountry "POL"]
[SourceTitle "CBM 189 Extra"]
[Source "ChessBase"]
[SourceDate "2019.06.03"]
[SourceVersion "1"]
[SourceVersionDate "2019.06.03"]
[SourceQuality "1"]

1. e4 c5 2. Nf3 Nc6 3. Nc3 Nf6 4. d4 cxd4 5. Nxd4 e6 6. g3 Bb4 7. Bg2 Qa5 8. Nde2 d5 9. exd5 Nxd5 10. Bd2 0-0 11. Nxd5 Bxd2+ 12. Qxd2 Qxd2+ 13. Kxd2 Rd8 14. Rad1 exd5 15. Kc1 Be6 16. c3 Rac8 17. Nd4 Nxd4 18. Rxd4 Rc5 19. Rhd1 b5 20. a4 bxa4 21. Rxa4 a5 22. Kc2 Rb8 23. Bf1 d4 24. c4 Bf5+ 25. Bd3 Bd7 26. Ra3 a4 27. Be2 Bf5+ 28. Kc1 d3 29. Bxd3 Bxd3 30. Raxd3 Rxc4+ 31. Kb1 Kf8 32. Rd4 Rxd4 33. Rxd4 a3 34. b4 Ke7 35. Ka2 Ra8 36. Rd5 Ra4 37. Rb5 Kd6 38. Rb7 Ke6 39. b5 Ra5 40. f4 g6 41. Rb6+ Ke7 42. h4 h5 43. Rb7+ Kf6 44. Rb6+ Kf5 45. Rb7 Kg4 46. Rxf7 Rxb5 47. Rf6 Kxg3 48. Rxg6+ Kxh4 49. Kxa3 Rf5 50. Kb3 Rxf4 51. Rg1 Rf3+ 52. Kc2 Rg3 53. Rh1+ Kg4 54. Kd2 h4 55. Ke2 h3 56. Kf1 Rg2 57. Ke1 h2 58. Kf1 Kg3 0-1

[Event "POL-chT U20 1st League"]
[Site "Szczyrk"]
[Date "2017.07.29"]
[Round "8.28"]
[White "Meers, Hubert"]
[Black "Wasik, Mateusz"]
[Result "0-1"]
[WhiteElo "1696"]
[BlackElo "1558"]
[PlyCount "130"]
[EventDate "2017.07.22"]
[EventType "team-tourn"]
[EventRounds "9"]
[EventCountry "POL"]
[SourceTitle "EXT 2019"]
[Source "ChessBase"]
[SourceDate "2018.10.10"]
[SourceVersion "1"]
[SourceVersionDate "2018.10.10"]
[SourceQuality "1"]

1. e4 c5 2. Nf3 a6 3. c4 Nc6 4. Nc3 e6 5. d4 cxd4 6. Nxd4 Bc5 7. Nb3 Be7 8. Be2 Nf6 9. 0-0 d6 10. Be3 b6 11. f4 0-0 12. Bf3 Bb7 13. Qe2 Rc8 14. Rfd1 Qc7 15. Na4 Nd7 16. Qf2 Nc5 17. Nbxc5 bxc5 18. f5 Ne5 19. b3 exf5 20. Nc3 fxe4 21. Bxe4 Bxe4 22. Nxe4 Qc6 23. Qf5 Ng6 24. Rd5 Nh4 25. Qg4 f5 26. Qh3 fxe4 27. Qe6+ Rf7 28. Rf1 Rcf8 29. Bf2 Ng6 30. Bg3 Qe8 31. Rdf5 Ne5 32. Bxe5 dxe5 33. g4 g6 34. Rxf7 Rxf7 35. g5 Kf8 36. Rxf7+ Qxf7 37. Qxe5 e3 38. Qh8+ Qg8 39. Qe5 Qg7 40. Qf4+ Kg8 41. Qe4 Bf8 42. Qe6+ Kh8 43. Kf1 Qe7 44. Qd5 e2+ 45. Ke1 Bg7 46. Qf3 Bd4 47. h4 Kg7 48. a3 a5 49. a4 Kh8 50. Qa8+ Kg7 51. Qf3 h5 52. gxh6+ Kxh6 53. Qg3 Qe5 54. Qxe5 Bxe5 55. Kxe2 Kh5 56. Kf3 Kxh4 57. Kg2 g5 58. Kg1 Kg3 59. Kh1 g4 60. Kg1 Bd4+ 61. Kh1 Kf2 62. b4 cxb4 63. c5 Bxc5 64. Kh2 g3+ 65. Kh3 g2 0-1

[Event "Liptovsky Mikulas CupT U20"]
[Site "Liptovsky Mikulas"]
[Date "2017.06.24"]
[Round "6.3"]
[White "Brnusak, Tomas"]
[Black "Wasik, Mateusz"]
[Result "1-0"]
[WhiteElo "1796"]
[BlackElo "1484"]
[PlyCount "67"]
[EventDate "2017.06.21"]
[EventType "team-swiss"]
[EventRounds "8"]
[EventCountry "SVK"]
[SourceTitle "CBM 179 Extra"]
[Source "ChessBase"]
[SourceDate "2017.08.23"]
[SourceVersion "1"]
[SourceVersionDate "2017.08.23"]
[SourceQuality "1"]
[WhiteTeam "Liptov Chess School"]
[BlackTeam "Krakow Wisla"]
[WhiteTeamCountry "SVK"]
[BlackTeamCountry "POL"]

1. d4 Nf6 2. c4 g6 3. Nc3 d5 4. Nf3 Bg7 5. Qb3 c6 6. cxd5 Nxd5 7. e4 Nxc3 8. bxc3 0-0 9. Be2 c5 10. Be3 Nc6 11. d5 Na5 12. Qc2 Qc7 13. 0-0 b6 14. Rad1 Rd8 15. Qc1 e6 16. c4 exd5 17. cxd5 Nb7 18. Bf4 Qe7 19. e5 Bg4 20. Rfe1 Kh8 21. h3 Bxf3 22. Bxf3 Qf8 23. d6 Rab8 24. d7 h6 25. e6 fxe6 26. Bxb8 Rxb8 27. Bxb7 Bd4 28. Rxd4 cxd4 29. Rxe6 d3 30. Re8 Rxe8 31. dxe8Q Qxe8 32. Qxh6+ Kg8 33. Bd5+ Qf7 34. Bxf7+ 1-0